Práca z domu - výhody a nevýhody
Práca z domu (domácka práca) ako alternatívna a flexibilná forma zamestnávania. Legislatívna úprava. Výhody a nevýhody.
Saved in:
| Main Author: | |
|---|---|
| Format: | Book Chapter |
| Language: | Slovak |
| Subjects: | |
| Tags: |
No Tags, Be the first to tag this record!
|
MARC
| LEADER | 00000naa a2200000 4500 | ||
|---|---|---|---|
| 001 | 0207510 | ||
| 005 | 20231120135255.1 | ||
| 041 | 0 | |a slo | |
| 044 | |a SK | ||
| 245 | 1 | 0 | |a Práca z domu - výhody a nevýhody |c Martina Kovalčíková |
| 520 | |a Práca z domu (domácka práca) ako alternatívna a flexibilná forma zamestnávania. Legislatívna úprava. Výhody a nevýhody. | ||
| 610 | 2 | 0 | |a práca z domu |
| 610 | 2 | 0 | |a práca flexibilná |
| 610 | 2 | 0 | |a úpravy právne |
| 610 | 2 | 0 | |a Slovensko |
| 100 | 1 | |a Kovalčíková, Martina | |